| 000 | 00429nam a2200157Ia 4500 | ||
|---|---|---|---|
| 020 | _a(hb) | ||
| 082 |
_a670.42 _bPLA |
||
| 245 | _aPlant engineering handbook | ||
| 260 |
_aNew York : _bMcGraw-Hill, _c1959 |
||
| 300 | _aPages Vary | ||
| 526 |
_a0 _b0 _c0 _d670_420000000000000_PLA |
||
| 650 |
_aMCE _9379 |
||
| 650 |
_aPlant Engineering -- Hand-books- Manuals Etc. _947552 |
||
| 700 |
_aStaniar William _947553 |
||
| 942 |
_2ddc _cBK |
||
| 999 |
_c550765 _d550765 |
||